000 01011nam a2200277 a 4500
001 000013615
005 20240411201133.0
008 091126s2012 pr 000 0 spa d
020 _a0974842133
040 _aDO-SdBNP
_bspa
_cBNPHU
082 _a345.7295
_bM239s, 2012
100 1 _aMalavet Vega, Pedro,
_d1937-
_931010
245 1 3 _aEl sistema de justicia criminal en Puerto Rico /
_cPedro Malavet Vega.
250 _a4a. ed.
260 _aPonce, Puerto Rico, Ponce :
_bEdiciones Lorena,
_c2012.
300 _a537 p. :
_bil. ;
_c23 cm.
500 _aIncluye índice
500 _aIncluye datos biográficos del autor en las solapas
504 _aBibliografía: p. 504-515
610 1 0 _aPUERTO RICO.
_bADMINISTRACIÓN DE CORRECIÓN
_931011
650 0 _aDerecho penal
_917405
650 4 _aAdministración de justicia penal
_915988
650 4 _aRehabilitación social
_zPuerto Rico
_931012
650 4 _aRehabilitación de delincuentes
_zPuerto Rico
_931013
910 _aValidado. Control de calidad MFF
999 _c13229
_d13229